National roads board (Record no. 51957)

MARC details
000 -LEADER
fixed length control field 00924nas a2200217 a 4500
008 - FIXED-LENGTH DATA ELEMENTS--GENERAL INFORMATION
fixed length control field 070316c19999999||||||||||||||||| || u
050 ## - LIBRARY OF CONGRESS CALL NUMBER
Classification number GOV. ZAM. R6 (058) 1999
110 ## - MAIN ENTRY--CORPORATE NAME
Corporate name or jurisdiction name as entry element National roads board
245 10 - TITLE STATEMENT
Title National roads board
Statement of responsibility, etc. National roads board
246 ## - VARYING FORM OF TITLE
Title proper/short title Annual report
260 ## - PUBLICATION, DISTRIBUTION, ETC.
Place of publication, distribution, etc. Lusaka
Name of publisher, distributor, etc. National roads board
Date of publication, distribution, etc. 1999
300 ## - PHYSICAL DESCRIPTION
Extent iii; 26p.; col. pic.; ill
350 ## - PRICE (NR) (BK AM CF MU VM SE) [OBSOLETE]
Price 0.00
520 ## - SUMMARY, ETC.
Summary, etc. This annual report details the major activities of the board its committees and the secretariate during the 1999 and is submitted in the fullfilment of the boards requirement to inform all stakeholders in the road sector of the performance of the board during 1999.
650 ## - SUBJECT ADDED ENTRY--TOPICAL TERM
Topical term or geographic name entry element OPERATION MANEGEMENT
650 ## - SUBJECT ADDED ENTRY--TOPICAL TERM
Topical term or geographic name entry element ROAD CONSTRUCTION INDUSTRY--AFRICA, ZAMBIA--MAINTENANCE
650 ## - SUBJECT ADDED ENTRY--TOPICAL TERM
Topical term or geographic name entry element TRANSPORTATION
650 ## - SUBJECT ADDED ENTRY--TOPICAL TERM
Topical term or geographic name entry element ROAD ENGINEERING--ZAMBIA
650 ## - SUBJECT ADDED ENTRY--TOPICAL TERM
Topical term or geographic name entry element FINANCING -- ZAMBIA--ROADS
650 ## - SUBJECT ADDED ENTRY--TOPICAL TERM
Topical term or geographic name entry element Road drainage
Holdings
Withdrawn status Lost status Source of classification or shelving scheme Damaged status Not for loan Home library Current library Date acquired Total Checkouts Full call number Date last seen Price effective from Koha item type
          CBU-MAIN LIBRARY, KITWE. CBU-MAIN LIBRARY, KITWE. 11/30/2022   GOV. ZAM. R6 (058) 1999 11/30/2022 11/30/2022 MONOGRAPH